000 00488nam a2200181Ia 4500
003 OSt
005 20230627101647.0
008 210423s9999 xx 000 0 und d
040 _cAL
041 _aeng
082 _a374
_223
_bHINA
100 _aHINZEN (Herbert),Ed.
_9113276
245 _aAdult environmental education 1991-36.
260 _bGerman Adult Education Association
_c2021
365 _cINR
906 _a1991-36. ; Adult ; education ; environmental
942 _2ddc
_cBK
999 _c173063
_d173063